[Event "Rochefort op 8th"]
[Site "Rochefort"]
[Date "2009.02.??"]
[Round "7"]
[White "Sandu, Mihaela"]
[Black "Kasamanli, Houssein"]
[Result "1-0"]
[WhiteElo "2285"]
[BlackElo "1899"]
[PlyCount "79"]
[EventDate "2009.02.??"]
[EventType "swiss"]
[EventRounds "9"]
[EventCountry "FRA"]
[SourceTitle "EXT 2010"]
[Source "ChessBase"]
[SourceDate "2010.11.25"]
[SourceVersion "1"]
[SourceVersionDate "2010.11.25"]
[SourceQuality "1"]

1. e4 c5 2. Nc3 a6 3. g3 b5 4. Bg2 Bb7 5. f4 g6 6. d3 Bg7 7. Nf3 e6 8. 0-0 Ne7 9. Nh4 0-0 10. f5 Nec6 11. Be3 Nd4 12. Qd2 b4 13. Nd1 exf5 14. c3 bxc3 15. bxc3 Nb5 16. exf5 Bxg2 17. Qxg2 Nc6 18. Bxc5 Re8 19. fxg6 hxg6 20. Qf2 Kh7 21. Qxf7 Ne5 22. Qd5 Nc7 23. Qg2 Ne6 24. Be3 Nxd3 25. Nxg6 Ng5 26. Qd5 Ne5 27. Nxe5 Rxe5 28. Qd3+ Kg8 29. Bd4 Re6 30. Ne3 Bxd4 31. Qxd4 Qe8 32. Nf5 Qg6 33. Qd5 Rae8 34. Nd4 Nh3+ 35. Kg2 Qd3 36. Kxh3 R8e7 37. Qf3 Rh7+ 38. Kg2 Qd2+ 39. Rf2 Qh6 40. Qa8+ 1-0